Statistics for Broadway Musicals by Locations

Click here to take the quiz!

General Stats

  • This quiz has been taken 91 times
  • The average score is 9 of 19

Answer Stats

HintAnswer% Correct
Buenos Aires, ArgentinaEvita
81%
Washington Heights, New YorkIn the Heights
79%
AgrabahAladdin
76%
Santa Fe, New MexicoNewsies
73%
St. Petersburg, RussiaAnastasia
72%
Cook County, IllinoisChicago
71%
Skid RowLittle Shop of Horrors
58%
Cherry Tree Lane, LondonMary Poppins
54%
AnatevkaFiddler on the Roof
47%
SS AmericanAnything Goes
41%
Weehawken, New JerseyHamilton
40%
Orlando, FloridaThe Book of Mormon
38%
Havana, CubaGuys and Dolls
35%
Gary, IndianaThe Music Man
32%
Edgewater, IndianaThe Prom
29%
Allentown, Pennsylvania42nd Street
12%
Treegap, New HampshireTuck Everlasting
10%
Kiamo KoWicked
10%
Cleveland, OhioBandstand
5%

Score Distribution

Percentile by Number Answered

Percent of People with Each Score

Your Score History

You have not taken this quiz